Visualizzazione normale
Vista MARC
- Miano, Vincenzo,
di Personal Name
Records bibliografici associati: 1
001 - CONTROL NUMBER
- control field: 2904
003 - CONTROL NUMBER IDENTIFIER
- control field: IT-RoINE
005 - DATE AND TIME OF LATEST TRANSACTION
- control field: 20200911090603.0
008 - FIXED-LENGTH DATA ELEMENTS
- fixed length control field: 140114|| aca||aabn | a|a d
040 ## - CATALOGING SOURCE
- Original cataloging agency: IT-RoINE
- Transcribing agency: IT-RoINE
100 ## - HEADING--PERSONAL NAME
- Personal name: Miano, Vincenzo,
- Titles and other words associated with a name: S.D.B.,
- Dates associated with a name: 1910-1980
- Form subdivision: Discursos, ensayos, conferencias
670 ## - SOURCE DATA FOUND
- Source citation: Work cat.: (IT-RoINE)0: Religione, ateismo e filosofia :, 1980.